Best Practices in Manufacturing Processes Experiences from Latin America /

This book reports the best practices that companies established in Latin America are implementing in their manufacturing processes in order to generate high quality products and stay in the market. It lists the technologies, production and administrative philosophies that are being implemented, pres...

Full description

Bibliographic Details
Corporate Author: SpringerLink (Online service)
Other Authors: García Alcaraz, Jorge Luis (Editor, http://id.loc.gov/vocabulary/relators/edt), Rivera Cadavid, Leonardo (Editor, http://id.loc.gov/vocabulary/relators/edt), González-Ramírez, Rosa Guadalupe (Editor, http://id.loc.gov/vocabulary/relators/edt), Leal Jamil, George (Editor, http://id.loc.gov/vocabulary/relators/edt), Chong Chong, Mario Gustavo (Editor, http://id.loc.gov/vocabulary/relators/edt)
Format: Electronic eBook
Language:English
Published: Cham : Springer International Publishing : Imprint: Springer, 2019.
Edition:1st ed. 2019.
Subjects:
Online Access:Full Text via HEAL-Link
LEADER 03548nam a2200553 4500
001 978-3-319-99190-0
003 DE-He213
005 20191023121718.0
007 cr nn 008mamaa
008 180918s2019 gw | s |||| 0|eng d
020 |a 9783319991900  |9 978-3-319-99190-0 
024 7 |a 10.1007/978-3-319-99190-0  |2 doi 
040 |d GrThAP 
050 4 |a TS1-2301 
072 7 |a TGP  |2 bicssc 
072 7 |a TEC020000  |2 bisacsh 
072 7 |a TGP  |2 thema 
082 0 4 |a 670  |2 23 
245 1 0 |a Best Practices in Manufacturing Processes  |h [electronic resource] :  |b Experiences from Latin America /  |c edited by Jorge Luis García Alcaraz, Leonardo Rivera Cadavid, Rosa Guadalupe González-Ramírez, George Leal Jamil, Mario Gustavo Chong Chong. 
250 |a 1st ed. 2019. 
264 1 |a Cham :  |b Springer International Publishing :  |b Imprint: Springer,  |c 2019. 
300 |a XXXVI, 543 p. 165 illus., 87 illus. in color.  |b online resource. 
336 |a text  |b txt  |2 rdacontent 
337 |a computer  |b c  |2 rdamedia 
338 |a online resource  |b cr  |2 rdacarrier 
347 |a text file  |b PDF  |2 rda 
505 0 |a Techniques, Tools and Methologies -- Production management -- Manufacturing and Technology -- Human factors. 
520 |a This book reports the best practices that companies established in Latin America are implementing in their manufacturing processes in order to generate high quality products and stay in the market. It lists the technologies, production and administrative philosophies that are being implemented, presenting a collection of successful cases of studies from Latin America. The book describes how the tools and techniques are being integrated, modified and combined to create new technical resources for assisting the decision making process for better economic performance in manufacturing companies. The efforts deployed for assisting the transformation of raw materials into products and services are described. The authors explain the main key success factors or drivers for success of each tool, technique or hybrid combination approach applied to solve manufacturing problems. . 
650 0 |a Manufactures. 
650 0 |a Operations research. 
650 0 |a Decision making. 
650 0 |a Engineering economics. 
650 0 |a Engineering economy. 
650 1 4 |a Manufacturing, Machines, Tools, Processes.  |0 http://scigraph.springernature.com/things/product-market-codes/T22050 
650 2 4 |a Operations Research/Decision Theory.  |0 http://scigraph.springernature.com/things/product-market-codes/521000 
650 2 4 |a Engineering Economics, Organization, Logistics, Marketing.  |0 http://scigraph.springernature.com/things/product-market-codes/T22016 
700 1 |a García Alcaraz, Jorge Luis.  |e editor.  |4 edt  |4 http://id.loc.gov/vocabulary/relators/edt 
700 1 |a Rivera Cadavid, Leonardo.  |e editor.  |4 edt  |4 http://id.loc.gov/vocabulary/relators/edt 
700 1 |a González-Ramírez, Rosa Guadalupe.  |e editor.  |4 edt  |4 http://id.loc.gov/vocabulary/relators/edt 
700 1 |a Leal Jamil, George.  |e editor.  |4 edt  |4 http://id.loc.gov/vocabulary/relators/edt 
700 1 |a Chong Chong, Mario Gustavo.  |e editor.  |4 edt  |4 http://id.loc.gov/vocabulary/relators/edt 
710 2 |a SpringerLink (Online service) 
773 0 |t Springer eBooks 
776 0 8 |i Printed edition:  |z 9783319991894 
776 0 8 |i Printed edition:  |z 9783319991917 
776 0 8 |i Printed edition:  |z 9783030075743 
856 4 0 |u https://doi.org/10.1007/978-3-319-99190-0  |z Full Text via HEAL-Link 
912 |a ZDB-2-ENG 
950 |a Engineering (Springer-11647)